[Event "Deltalift Open 2017"]
[Site "Tylosand SWE"]
[Date "2017.05.27"]
[Round "8.18"]
[White "Berglind,Axel"]
[Black "Petersson,K"]
[Result "1-0"]
[WhiteElo "2131"]
[BlackElo "2068"]

1.e4 c5 2.Nf3 d6 3.d4 cxd4 4.Nxd4 Nf6 5.Nc3 g6 6.Be3 Bg7 7.f3 O-O 8.Qd2 Nc6
9.Bc4 Nd7 10.Nde2 Na5 11.Bb3 Ne5 12.Bg5 Nec4 13.Qc1 Bd7 14.h4 Rc8 15.h5 Rc5
16.hxg6 fxg6 17.Bh6 Rf7 18.Bxg7 Rxg7 19.Qh6 b5 20.O-O-O b4 21.Nd5 Nxb3+
22.axb3 Ne5 23.Qg5 Be6 24.Nef4 Qd7 25.Rd4 a5 26.Kb1 Kf8 27.Nb6 Qc6 28.Nxe6+
Kf7 29.Nd8+ {#r} 1-0

[Event "26th Chicago Open 2017"]
[Site "Chicago USA"]
[Date "2017.05.27"]
[Round "4.26"]
[White "Miyasaka,Marcus M"]
[Black "Williams,Justus D"]
[Result "0-1"]
[WhiteElo "2197"]
[BlackElo "2383"]
[EventType "swiss"]

1.e4 c5 2.Nf3 d6 3.d4 cxd4 4.Nxd4 Nf6 5.Nc3 g6 6.Be3 Bg7 7.f3 O-O 8.Qd2 Nc6
9.O-O-O d5 10.Qe1 Nxd4 11.Bxd4 e6 12.Kb1 Re8 13.Bb5 e5 14.Bf2 d4 15.Bxe8 Qxe8
16.Nd5 Nxd5 17.exd5 Qb5 18.f4 Qxd5 19.fxe5 Be6 20.b3 Bxe5 21.Qe2 Rc8 22.Rhe1
Bf6 23.g4 Qg2 24.Rg1 Qxh2 25.Qf3 Bg7 26.Rg3 Qh4 27.Bxd4 Bxd4 28.Rxd4 h5 29.Rg1
hxg4 30.Qxb7 Qf2 31.Rgxg4 Qxc2+ 32.Ka1 Qc1# 0-1

[Event "Guillermo Garcia Premier 2"]
[Site "Santa Clara CUB"]
[Date "2017.05.25"]
[Round "9.2"]
[White "Reyes Najera,C"]
[Black "Picado,J"]
[Result "0-1"]
[WhiteElo "2120"]
[BlackElo "2124"]

1.e4 c5 2.Nf3 e6 3.d4 cxd4 4.Nxd4 Nf6 5.Nc3 d6 6.f3 a6 7.g4 b5 8.g5 Nfd7 9.Be3
Bb7 10.a3 Nc6 11.Qd2 Rc8 12.h4 Nde5 13.Be2 Na5 14.b3 Qc7 15.Nd1 d5 16.Nf2 dxe4
17.Nxe4 Bxe4 18.fxe4 Nac6 19.Kf2 Be7 20.Nxc6 Qxc6 21.Qd4 f6 22.gxf6 Bxf6
23.Qb6 Qxb6 24.Bxb6 Rxc2 25.Rac1 Nd3+ {#R} 0-1

[Event "10th KIIT Elite Open 2017"]
[Site "Bhubaneswar IND"]
[Date "2017.05.27"]
[Round "2.6"]
[White "Nguyen Duc Hoa"]
[Black "Panda,Sambit"]
[Result "1-0"]
[WhiteElo "2481"]
[BlackElo "2098"]

1.e4 c5 2.Nf3 e6 3.d4 cxd4 4.Nxd4 Nf6 5.Nc3 d6 6.Bg5 Be7 7.Qd2 a6 8.a4 Nc6
9.Rd1 Bd7 10.Nb3 Na5 11.Be2 Nxb3 12.cxb3 Bc6 13.Bxf6 Bxf6 14.Qxd6 Qxd6 15.Rxd6
Ke7 16.Rd2 Bxc3 17.bxc3 Bxe4 18.f3 Bc6 19.a5 Rhd8 20.c4 e5 21.Bd3 Rd4 22.Ke2
Rad8 23.Rhd1 g6 24.Bc2 Rxd2+ 25.Rxd2 Rxd2+ 26.Kxd2 f5 27.b4 Kd6 28.h4 Bd7
29.g3 Be6 30.Kc3 Bd7 31.Bb3 Bc6 32.f4 e4 33.Kd4 Bd7 34.Bd1 Be6 35.h5 gxh5
36.Bxh5 Bd7 37.Bd1 Be6 38.Ba4 Bd7 39.Bb3 Be6 40.Bc2 Bd7 41.Bd1 Be6 42.Ba4 Bd7
43.Bc2 Be6 44.g4 fxg4 45.Bxe4 Kc7 46.Bxh7 g3 47.Be4 Bf5 48.Bg2 Bd7 49.Ke3 Bg4
50.c5 Kc8 51.Be4 Kc7 52.f5 g2 53.Kf2 {#r} 1-0

[Event "4th Gligoric Cup 2017"]
[Site "Novi Banovci SRB"]
[Date "2017.05.25"]
[Round "1.7"]
[White "Grcic,Vukasin"]
[Black "Irizanin,R"]
[Result "0-1"]
[WhiteElo "2154"]
[BlackElo "2355"]

1.e4 c5 2.Nf3 d6 3.d4 cxd4 4.Nxd4 Nf6 5.Nc3 a6 6.Be3 e6 7.f3 b5 8.Qd2 Nbd7
9.O-O-O Bb7 10.g4 h6 11.h4 b4 12.Na4 Qa5 13.b3 Nc5 14.a3 Nxa4 15.axb4 Qc7
16.bxa4 d5 17.e5 Nd7 18.f4 Nb6 19.a5 Na4 20.f5 Nc3 21.fxe6 Bxb4 22.exf7+ Qxf7
23.Qd3 Ba3+ 24.Kd2 Ne4+ 25.Ke2 Bb4 26.Rh3 O-O 27.e6 Qg6 {#R} 0-1

[Event "TCh-FRA Top 12 2017"]
[Site "Chartres FRA"]
[Date "2017.05.27"]
[Round "10.1"]
[White "Marchadour,E"]
[Black "Sokolov,And1"]
[Result "0-1"]
[WhiteElo "2097"]
[BlackElo "2505"]

1.e4 c5 2.Nf3 e6 3.d4 cxd4 4.Nxd4 Nf6 5.Nc3 d6 6.Be2 Be7 7.O-O O-O 8.Kh1 Nc6
9.f4 Bd7 10.Nb3 a6 11.Bf3 b5 12.Qe1 Rc8 13.e5 Ne8 14.Be3 dxe5 15.Qf2 Nf6
16.Bb6 Qe8 17.fxe5 Nxe5 18.Bb7 Neg4 19.Qg1 Rb8 20.Bxa6 b4 21.Nd1 Bd6 22.Bc5
Bxh2 23.Qd4 Be5 24.Qd3 Bc6 25.Ne3 Be4 26.Qe2 Nxe3 27.Qxe3 Qc6 28.Bxf8 Bxg2+
29.Kg1 Bh2+ {#R} 0-1

[Event "6th CHN w Masters 2017"]
[Site "Wuxi CHN"]
[Date "2017.05.28"]
[Round "2.1"]
[White "Ding Yixin"]
[Black "Zhu,Jiner"]
[Result "1-0"]
[WhiteElo "2423"]
[BlackElo "2184"]

1.e4 c5 2.Nf3 e6 3.d4 cxd4 4.Nxd4 Nf6 5.Nc3 d6 6.Be2 a6 7.O-O Qc7 8.f4 Be7
9.Be3 O-O 10.Kh1 Nc6 11.Qe1 Nxd4 12.Bxd4 b5 13.a3 Bb7 14.Qg3 Rad8 15.Rae1 Rfe8
16.Bd3 Rd7 17.a4 b4 18.Na2 Qa5 19.Nc1 Qh5 20.Nb3 Rc8 21.f5 e5 22.Bb6 d5 23.Be2
Qh6 24.Be3 Nxe4 25.Bxh6 Nxg3+ 26.hxg3 gxh6 27.f6 Rxc2 28.Bg4 Rdc7 29.Nd4 Rd2
30.Rxe5 Bf8 31.Nf5 Bc8 32.Ne7+ Bxe7 33.Rxe7 Kf8 34.Rfe1 Be6 35.R1xe6 fxe6
36.Rxc7 Rf2 37.Bxe6 Rxf6 38.Bxd5 Rf5 39.Bc4 {#r} 1-0

[Event "Bodensee Open 2017"]
[Site "Bregenz AUT"]
[Date "2017.05.23"]
[Round "4.14"]
[White "Willemsma,A"]
[Black "Tarlev,K"]
[Result "0-1"]
[WhiteElo "2070"]
[BlackElo "2567"]

1.e4 c5 2.Nf3 e6 3.Nc3 Nc6 4.d4 cxd4 5.Nxd4 Qc7 6.Be3 Nf6 7.Be2 Be7 8.O-O O-O
9.f4 d6 10.Qe1 a6 11.Qg3 Bd7 12.Kh1 b5 13.Bd3 b4 14.Nce2 Kh8 15.Rac1 e5
16.fxe5 Nxe5 17.Nf4 Qb7 18.Nf5 Bxf5 19.exf5 Bd8 20.Bd4 Bb6 21.c3 Rfe8 22.Rce1
Re7 23.h3 a5 24.Be2 Qa7 25.Bf3 Rd8 26.Qf2 Bc5 27.Rd1 Rc8 28.Nd5 Nxd5 29.Bxd5
Nd7 30.Qh4 f6 31.Be6 Rb8 32.Bxc5 Qxc5 33.cxb4 Rxb4 34.Qe1 Ne5 35.Rd5 Qc7 36.b3
Re8 37.Qd2 Rd8 38.Rc1 Qb8 39.Rxd6 Rf8 40.a3 Rb6 41.Rd4 h6 42.Rh4 Kh7 43.Qxa5
Rd8 44.Qc3 Nd3 45.Rf1 Qg3 46.Qc4 Rbd6 47.Kg1 Ne5 48.Qf4 Nf3+ 49.Qxf3 Qxh4
50.Bf7 Qd4+ 51.Kh1 Qa7 52.Bg6+ Kh8 53.Re1 Qxa3 54.Qe2 Qa8 55.Qe8+ Rxe8
56.Rxe8+ Qxe8 57.Bxe8 Kg8 58.Bb5 Kf8 59.Bc4 Ke7 60.Kh2 Rd2 61.Kg3 Kd6 62.Kf3
Ke5 63.g4 h5 64.Kg3 hxg4 65.hxg4 Rd1 66.Kf3 Rc1 67.Kg3 Rg1+ 68.Kf3 Re1 69.Kg3
Rc1 70.Kh4 Rh1+ 71.Kg3 Ke4 72.Kg2 Rb1 73.Kg3 Rg1+ {#R} 0-1

[Event "Deltalift Open 2017"]
[Site "Tylosand SWE"]
[Date "2017.05.27"]
[Round "8.13"]
[White "Welin,M"]
[Black "Grueso Cordoba,Santiago"]
[Result "1-0"]
[WhiteElo "2336"]
[BlackElo "2104"]

1.e4 c5 2.Nf3 d6 3.d4 cxd4 4.Nxd4 Nf6 5.Nc3 a6 6.Be2 e6 7.O-O Be7 8.f4 Nc6
9.Kh1 O-O 10.a4 Qc7 11.Be3 Rd8 12.Qe1 Nxd4 13.Bxd4 e5 14.Bg1 b6 15.Bd3 exf4
16.Qf2 Be6 17.Qxb6 Qd7 18.Rxf4 Rdb8 19.Qe3 Rxb2 20.Nd5 Bxd5 21.exd5 Rab8 22.c4
R2b3 23.Qf3 R8b4 24.Bd4 Qb7 25.Qe2 Kf8 26.Re1 Rxa4 27.Bxf6 gxf6 28.Re4 {#r}
1-0

[Event "4th Gligoric Cup 2017"]
[Site "Novi Banovci SRB"]
[Date "2017.05.25"]
[Round "1.2"]
[White "Maksimovic,Br"]
[Black "Galic,V"]
[Result "1-0"]
[WhiteElo "2342"]
[BlackElo "2178"]

1.Nf3 c5 2.e4 d6 3.d4 cxd4 4.Nxd4 Nf6 5.Nc3 a6 6.Bc4 e6 7.Bb3 b5 8.O-O Nbd7
9.Re1 Nc5 10.Bd5 Nxd5 11.exd5 e5 12.f4 f6 13.b4 Na4 14.Nxa4 bxa4 15.Nc6 Qb6+
16.Be3 Qb5 17.c4 Qxc4 18.Rc1 Qb5 19.fxe5 dxe5 20.Nxe5 Bf5 21.Qf3 g6 22.d6 Rd8
23.d7+ Rxd7 24.Rc8+ Rd8 25.Rxd8+ Kxd8 26.Nf7+ {#r} 1-0

[Event "15th Somov Memorial 2017"]
[Site "Kirishi RUS"]
[Date "2017.05.27"]
[Round "10.3"]
[White "Shubin,Kirill"]
[Black "Lobanov,Sergei"]
[Result "1-0"]
[WhiteElo "2287"]
[BlackElo "2429"]

1.e4 c5 2.Nf3 d6 3.d4 cxd4 4.Nxd4 Nf6 5.Nc3 Nc6 6.Bc4 e6 7.Be3 Be7 8.Qe2 a6
9.O-O-O Qc7 10.Bb3 Na5 11.g4 b5 12.g5 Nxb3+ 13.axb3 Nd7 14.Nf5 exf5 15.Nd5 Qd8
16.exf5 Ne5 17.Bb6 Bxg5+ 18.Kb1 Qd7 19.Nc7+ Kf8 20.Nxa8 Qc6 21.Bc7 Be7 22.f4
Nf3 23.Rhe1 Nxe1 24.Rxe1 Be6 25.fxe6 f5 26.Qd3 Qxa8 27.Bxd6 {#r} 1-0

[Event "TCh-FRA Top 12 2017"]
[Site "Chartres FRA"]
[Date "2017.05.27"]
[Round "10.2"]
[White "Gharamian,T"]
[Black "Rodshtein,M"]
[Result "0-1"]
[WhiteElo "2626"]
[BlackElo "2698"]

1.e4 c5 2.Nf3 d6 3.d4 cxd4 4.Nxd4 Nf6 5.Nc3 a6 6.h3 e5 7.Nb3 Be6 8.f4 g6 9.Be2
Nbd7 10.O-O Rc8 11.f5 gxf5 12.exf5 Bc4 13.Bxc4 Rxc4 14.Qd3 Qc7 15.Be3 Rg8
16.Rf2 Rh4 17.Kf1 Qc6 18.Na5 Qc7 19.Nb3 b5 20.a3 Qc6 21.Rd1 Rg3 22.Ne2 Rhxh3
23.Nxg3 Rxg3 24.Qe2 Qc4 25.Nd2 Qxc2 26.Nf3 Qe4 27.Rc1 Be7 28.Kg1 Bd8 29.Rc8
Qb7 30.Qc2 Ng4 31.Bg5 f6 32.Bh4 Nxf2 33.Bxg3 Ne4 34.Qc6 Qxc6 35.Rxc6 Nxg3
36.Rxd6 Bb6+ 37.Kh2 Nxf5 38.Rc6 Ke7 39.Rc8 e4 40.Nd2 e3 {#R} 0-1

[Event "52nd Capablanca Mem Elite"]
[Site "Matanzas CUB"]
[Date "2017.05.27"]
[Round "1.1"]
[White "Shankland,S"]
[Black "Ortiz Suarez,I"]
[Result "1-0"]
[WhiteElo "2676"]
[BlackElo "2570"]

1.e4 c5 2.Nf3 d6 3.d4 cxd4 4.Nxd4 Nf6 5.Nc3 a6 6.h4 Nc6 7.Be3 Ng4 8.Nxc6 bxc6
9.Bd2 h5 10.f3 Nf6 11.Bg5 Be6 12.Qd2 g6 13.Ne2 Bg7 14.Nd4 Bd7 15.c4 Qb6 16.Be3
Qc7 17.Be2 O-O 18.O-O c5 19.Nc2 Rfb8 20.Rab1 Ne8 21.b4 Ba4 22.a3 Bf6 23.Bf2
Bxc2 24.Qxc2 Ng7 25.f4 Ne6 26.e5 dxe5 27.f5 Nd4 28.Bxd4 exd4 29.fxg6 Kg7
30.gxf7 Rh8 31.Rb3 Rh6 32.Qe4 Rf8 33.Rf5 cxb4 34.axb4 Kxf7 35.c5 Kg7 36.Bxa6
Kh8 37.Bc4 Rd8 38.Qf3 d3 39.Rxd3 Rxd3 40.Bxd3 Kg7 41.Qf4 Qd8 42.Qe4 Qb8 43.b5
Qa7 44.b6 Qa1+ 45.Kh2 Qb2 46.Rg5+ {#r} 1-0

[Event "36th Zalakaros Open 2017"]
[Site "Zalakaros HUN"]
[Date "2017.05.23"]
[Round "6.7"]
[White "Praggnanandhaa,R"]
[Black "Gupta,Ab"]
[Result "0-1"]
[WhiteElo "2471"]
[BlackElo "2626"]

1.e4 c5 2.Nf3 d6 3.d4 cxd4 4.Nxd4 Nf6 5.Nc3 a6 6.Nb3 Nc6 7.Be2 e6 8.g4 b5 9.a3
Bb7 10.g5 Nd7 11.Be3 Be7 12.Qd2 O-O 13.f4 Re8 14.h4 Na5 15.Nxa5 Qxa5 16.O-O
Bf8 17.Bf3 Rac8 18.Bd4 Qc7 19.Qf2 Nc5 20.Rad1 Bc6 21.f5 exf5 22.Bxc5 dxc5
23.exf5 c4 24.Bxc6 Qxc6 25.Qg2 Qc5+ 26.Kh1 Re5 27.Ne4 Qc6 28.Rd4 Qb6 29.c3 Rd8
30.Rfd1 Rxd4 31.Rxd4 Rxf5 32.Nf6+ Rxf6 33.gxf6 Qxf6 34.Qg5 Qf1+ 35.Kh2 g6
36.Qg2 Qf5 37.Qe4 Qf2+ 38.Qg2 Qe3 39.Qg5 Qe1 40.Qg3 Qe8 41.Qg5 h6 42.Qd2 Qe5+
43.Kh3 Bc5 44.Rd8+ Kg7 45.Qd5 Qe3+ 46.Kg2 Qf2+ 47.Kh3 Qf1+ 48.Qg2 Qf5+ 49.Qg4
Qf6 50.Rd5 h5 51.Qe2 Bd6 52.Kg2 Bf4 53.Kh3 Qc6 54.Qf3 Qe6+ 55.Kg2 Bc1 56.Rd8
Bxb2 57.Rd2 Bxa3 58.Re2 Qd7 59.Rf2 Bc5 60.Qf6+ Kg8 61.Ra2 Qg4+ 62.Kh2 Qg1+
63.Kh3 Qe3+ 64.Kh2 Qg1+ 65.Kh3 Qg4+ 66.Kh2 Bg1+ 67.Kh1 Be3 68.Rg2 Qe4 69.Kh2
a5 70.Kh3 a4 71.Qd8+ Kg7 72.Qd7 Qd3 73.Qxd3 cxd3 74.Ra2 Bc1 {#R} 0-1

[Event "36th Zalakaros Open 2017"]
[Site "Zalakaros HUN"]
[Date "2017.05.24"]
[Round "7.41"]
[White "Banzea,Alexandru-Bogdan"]
[Black "Kosakowski,Jakub"]
[Result "0-1"]
[WhiteElo "2278"]
[BlackElo "2369"]

1.e4 c5 2.Nf3 d6 3.d4 cxd4 4.Nxd4 Nf6 5.Nc3 a6 6.h3 e5 7.Nde2 h5 8.g3 Be7
9.Bg2 Nbd7 10.a4 O-O 11.O-O b6 12.Nd5 Nxd5 13.Qxd5 Ra7 14.Nc3 Rc7 15.Qd1 Nf6
16.Bg5 Be6 17.Bxf6 Bxf6 18.Qxh5 b5 19.axb5 axb5 20.Qd1 b4 21.Nd5 Bxd5 22.exd5
Qc8 23.Ra4 Rxc2 24.Rxb4 Qc5 25.Rb5 Qxb5 26.Qxc2 Rb8 27.Rb1 Qb4 28.b3 Bd8 29.h4
Bb6 30.Be4 Bc5 31.h5 Qd4 32.Rd1 Qb4 33.Qe2 Qxb3 34.Qg4 f5 35.Bxf5 Rb4 36.Be6+
Kh8 37.Qg6 Qxd1+ 38.Kg2 Qb1 39.Bf5 Qxf5 40.Qxf5 Rb2 41.Qg6 Rxf2+ 42.Kh3 Rf6
43.Qe8+ Kh7 44.Qb5 Kh6 45.Qe2 Kg5 46.Qg4+ Kh6 47.Kh4 Be3 48.Qc8 Kh7 49.Qc2+
Kh6 50.Qc3 Bg5+ 51.Kg4 g6 52.hxg6 Rxg6 53.Kf5 Be7 54.Qc8 Rf6+ 55.Ke4 Bf8
56.Kd3 Kg7 57.Kc4 Rg6 58.g4 Be7 59.Kb5 Bg5 60.Qd7+ Kh6 61.Kc6 Rf6 62.Qe8 Kg7
63.Qh5 Rg6 64.Qh1 Rf6 65.Kd7 Rg6 66.Qe4 Rf6 67.Qa4 Kg6 68.Qc2+ Kg7 69.Qc8 e4
70.Qe8 e3 71.Qe4 Rf4 72.Qe6 Rf7+ 73.Kc6 Re7 74.Qf5 Re5 75.Qf1 e2 76.Qe1 Bd2
77.Qxd2 e1=Q 78.Qxe1 Rxe1 79.Kxd6 Kf6 80.g5+ Kxg5 {#R} 0-1

[Event "10th KIIT Elite Open 2017"]
[Site "Bhubaneswar IND"]
[Date "2017.05.27"]
[Round "3.1"]
[White "Sammed Jaykumar,Shete"]
[Black "Amonatov,F"]
[Result "0-1"]
[WhiteElo "2263"]
[BlackElo "2632"]

1.e4 c5 2.Nf3 d6 3.d4 cxd4 4.Nxd4 Nf6 5.Nc3 a6 6.h3 e5 7.Nde2 h5 8.Nd5 Nxd5
9.Qxd5 Be7 10.Qd1 Be6 11.Nc3 Nd7 12.Be2 Nf6 13.Bf3 Rc8 14.O-O g6 15.Bg5 Nh7
16.Bxe7 Qxe7 17.Qd2 O-O 18.Rad1 Rfd8 19.Rfe1 Qg5 20.Kh2 Qxd2 21.Rxd2 Kf8
22.Re3 Nf6 23.Nd1 Ke7 24.a3 b5 25.Rc3 a5 26.Rxc8 Rxc8 27.c3 Bd7 28.g3 Bc6
29.Re2 Nd7 30.Bg2 Nc5 31.h4 Rb8 32.f3 b4 33.axb4 axb4 34.Rd2 bxc3 35.bxc3 Rb1
36.Ne3 Rc1 37.Rc2 Re1 38.Nc4 Bd7 39.Rd2 Nb3 40.Rb2 Be6 41.Nb6 Rc1 42.c4 Rc3
43.Na4 Rxc4 44.Rxb3 Rxa4 45.Rb7+ Kd8 46.Rb2 Ra3 47.Rd2 Ke7 48.Kg1 f5 49.Kf2 f4
50.Bf1 Rb3 51.Be2 Rb6 52.Rc2 Kf6 53.g4 hxg4 54.fxg4 g5 55.h5 d5 56.exd5 Bxd5
57.Rd2 Ke6 58.Rc2 e4 59.Bc4 e3+ 60.Ke2 Bxc4+ 61.Rxc4 Rb2+ 62.Kd3 Rd2+ 63.Kc3
Rg2 64.Kd3 Rxg4 {#R} 0-1

[Event "Bodensee Open 2017"]
[Site "Bregenz AUT"]
[Date "2017.05.26"]
[Round "7.12"]
[White "Bezemer,A"]
[Black "Weidel,A"]
[Result "1-0"]
[WhiteElo "2280"]
[BlackElo "2134"]

1.e4 c5 2.Nf3 d6 3.d4 cxd4 4.Nxd4 Nf6 5.Nc3 a6 6.h3 b5 7.g4 Bb7 8.Bg2 e6 9.O-O
Nfd7 10.Re1 Nb6 11.a4 b4 12.Nd5 e5 13.a5 N6d7 14.Nf5 Nc6 15.Bd2 g6 16.Nfe3 Rb8
17.Nc4 Ba8 18.Ncb6 Nxa5 19.Nxa8 Rxa8 20.Bxb4 Nc6 21.Ba3 h5 22.c3 hxg4 23.hxg4
Nb6 24.Re3 Bh6 25.Rh3 Rb8 26.Bf1 Kf8 27.Nxb6 Rxb6 28.Qxd6+ Kg7 29.Qxd8 Rxd8
30.Rd3 Rxd3 31.Bxd3 Bg5 32.Kf1 Bd8 33.Bc4 Kf6 34.Bc5 {#r} 1-0

[Event "Groninger Combinatie Open"]
[Site "Groningen NED"]
[Date "2017.05.28"]
[Round "7.4"]
[White "Kollen,Z"]
[Black "Van Baar,Esper"]
[Result "1-0"]
[WhiteElo "2315"]
[BlackElo "2102"]

1.e4 c5 2.Nf3 d6 3.Nc3 Nf6 4.d4 cxd4 5.Nxd4 a6 6.Be3 e5 7.Nb3 Be6 8.f3 Be7
9.Qd2 O-O 10.O-O-O Nbd7 11.g4 Qc7 12.g5 Nh5 13.Nd5 Bxd5 14.exd5 Rfc8 15.Bh3 a5
16.a3 a4 17.Na1 b5 18.Bg4 g6 19.Kb1 Rcb8 20.c3 Nb6 21.Bxb6 Rxb6 22.Bxh5 gxh5
23.Nc2 Qc4 24.Rde1 Rb7 25.Re4 Qc8 26.Rg1 Qf5 27.Qe2 Qg6 28.Rg3 Bf8 29.Rb4 Rab8
30.Qe4 Bg7 31.Ne3 Rf8 32.Nf5 Kh8 33.Nh4 Qxe4+ 34.fxe4 Rc8 35.Nf5 Rb6 36.c4
Rxc4 37.Rxc4 bxc4 38.Rc3 f6 39.Rxc4 fxg5 40.Rc8+ Bf8 41.Rxf8# 1-0

[Event "15th Somov Memorial 2017"]
[Site "Kirishi RUS"]
[Date "2017.05.23"]
[Round "6.3"]
[White "Nikitenko,M"]
[Black "Shevchenko,Kirill"]
[Result "0-1"]
[WhiteElo "2408"]
[BlackElo "2491"]

1.e4 c5 2.Nf3 d6 3.d4 cxd4 4.Nxd4 Nf6 5.Nc3 a6 6.Nb3 e5 7.Bg5 Be6 8.Bxf6 Qxf6
9.Nd5 Qd8 10.Qd3 Nd7 11.O-O-O Bxd5 12.Qxd5 Qc7 13.g3 Nf6 14.Qd3 Be7 15.Nd2 Qc6
16.Bg2 Rc8 17.Nf1 Ng4 18.Qe2 Qc5 19.Bh3 Nxf2 20.Rd5 Bg5+ 21.Kb1 Qxc2+ 22.Qxc2
Rxc2 23.Kxc2 Nxh1 24.Bc8 Ke7 25.Bxb7 Nf2 26.h4 Bh6 27.Bxa6 Nxe4 28.b4 Rb8
29.Rb5 Rxb5 30.Bxb5 d5 31.a4 Kd6 32.g4 Bf4 33.Be8 f6 34.a5 Nf2 35.b5 Kc5
36.Bc6 d4 37.Nd2 d3+ 38.Kc3 Bxd2+ 39.Kxd2 e4 40.Ke3 Nxg4+ 41.Kd2 e3+ 42.Kxd3
Ne5+ 43.Kxe3 Nxc6 44.bxc6 Kxc6 45.Ke4 g6 46.a6 Kb6 47.Kd5 h5 {#R} 0-1

[Event "26th Chicago Open 2017"]
[Site "Chicago USA"]
[Date "2017.05.25"]
[Round "1.33"]
[White "Titus,Andrew L"]
[Black "Hong,Andrew Z"]
[Result "1-0"]
[WhiteElo "2129"]
[BlackElo "2383"]
[EventType "swiss"]

1.e4 c5 2.Nf3 d6 3.d4 cxd4 4.Nxd4 Nf6 5.Nc3 a6 6.h3 e5 7.Nde2 h5 8.g3 b5 9.Bg2
Bb7 10.O-O Be7 11.Be3 Nbd7 12.a4 b4 13.Nd5 Nxd5 14.exd5 a5 15.c3 Ba6 16.cxb4
axb4 17.Re1 O-O 18.b3 h4 19.g4 Bxe2 20.Qxe2 Bg5 21.Rac1 Bxe3 22.Qxe3 Nc5
23.Rc4 Rb8 24.Be4 Qe7 25.Bb1 Nd7 26.Rc7 Qd8 27.Rec1 Nc5 28.Rc6 g6 29.Qh6 Nxb3
30.Bxg6 fxg6 31.Qxg6+ Kh8 32.Rc7 {#r} 1-0

[Event "26th Chicago Open 2017"]
[Site "Chicago USA"]
[Date "2017.05.26"]
[Round "2.21"]
[White "Harmon-Vellotti,Luke"]
[Black "Whaley,D"]
[Result "1-0"]
[WhiteElo "2449"]
[BlackElo "2185"]
[EventType "swiss"]

1.e4 c5 2.Nf3 d6 3.d4 cxd4 4.Nxd4 Nf6 5.Nc3 a6 6.Be3 e5 7.Nb3 Be7 8.f4 Ng4
9.Bd2 Bh4+ 10.g3 Nxh2 11.Rxh2 Bxg3+ 12.Rf2 Qh4 13.Qf3 Bg4 14.Qg2 Nc6 15.Nd5
Rc8 16.f5 f6 17.Ne3 Bh3 18.Qxh3 Bxf2+ 19.Ke2 Nd4+ 20.Nxd4 Qxh3 21.Bxh3 Bxe3
22.Kxe3 exd4+ 23.Kd3 Ke7 24.Rg1 Rcg8 25.Kxd4 g5 26.fxg6 hxg6 27.Bf1 Rh2 28.Kd3
Ke6 29.Bf4 Rh4 30.Ke3 Rc8 31.c3 g5 32.Bg3 Rh6 33.Be2 Rc6 34.Bg4+ Ke7 35.Rd1
Rh8 36.a4 a5 37.Kd3 Rh6 38.c4 Rh8 39.b3 Rh6 40.Kc3 Rh8 41.Kb2 Rd8 42.Rh1 Rf8
43.Be1 Ra6 44.Bc3 Raa8 45.Rh7+ Rf7 46.Rh6 {#r} 1-0

[Event "26th Chicago Open 2017"]
[Site "Chicago USA"]
[Date "2017.05.26"]
[Round "2.23"]
[White "Abdumalik,Z"]
[Black "Titus,Andrew L"]
[Result "1-0"]
[WhiteElo "2420"]
[BlackElo "2129"]
[EventType "swiss"]

1.e4 c5 2.Nf3 d6 3.d4 cxd4 4.Nxd4 Nf6 5.Nc3 a6 6.h3 e6 7.g4 d5 8.exd5 Nxd5
9.Bd2 Bb4 10.Bg2 Nxc3 11.bxc3 Bd6 12.O-O O-O 13.Qe2 Qc7 14.Rab1 Nc6 15.Nxc6
bxc6 16.Qc4 Bb7 17.Be3 Rfb8 18.Rfd1 Rd8 19.Rd3 Rd7 20.Bb6 Qc8 21.Rbd1 Bc7
22.Rxd7 Bxb6 23.Qb4 Bc7 24.Qe7 {#r} 1-0

[Event "4th Gligoric Cup 2017"]
[Site "Novi Banovci SRB"]
[Date "2017.05.25"]
[Round "1.1"]
[White "Nestorovic,N"]
[Black "Tomic,V"]
[Result "1-0"]
[WhiteElo "2506"]
[BlackElo "2213"]

1.e4 c5 2.Nf3 d6 3.d4 cxd4 4.Nxd4 Nf6 5.Nc3 a6 6.h3 e5 7.Nde2 Be6 8.g4 Be7
9.Bg2 h6 10.a4 Nc6 11.O-O Rc8 12.Ng3 g6 13.Nd5 Bxd5 14.exd5 Nb8 15.Be3 h5
16.g5 Nfd7 17.Ne4 a5 18.h4 Na6 19.Bh3 Rc7 20.f4 exf4 21.Bd4 O-O 22.Bxd7 Qxd7
23.Rxf4 Nc5 24.Bxc5 Rxc5 25.Nxc5 dxc5 26.Qf3 Bd6 27.Re4 f6 28.Re6 fxg5
29.Rxg6+ Kh7 30.Qxh5# 1-0

[Event "TCh-FRA Top 12 2017"]
[Site "Chartres FRA"]
[Date "2017.05.25"]
[Round "8.1"]
[White "Naiditsch,A"]
[Black "Shchekachev,A"]
[Result "1-0"]
[WhiteElo "2700"]
[BlackElo "2538"]

1.e4 c5 2.Nf3 d6 3.Nc3 a6 4.d4 cxd4 5.Nxd4 Nf6 6.g3 e6 7.Bg2 Be7 8.O-O O-O
9.f4 Qc7 10.g4 Re8 11.f5 Bf8 12.g5 Nfd7 13.fxe6 fxe6 14.Nxe6 Rxe6 15.Qf3 Re7
16.Nd5 Qd8 17.g6 Nf6 18.Bg5 Nbd7 19.gxh7+ Kh8 20.Qb3 Nc5 21.Qg3 Nxd5 22.exd5
Bd7 23.Qh4 Qb6 24.Bxe7 Bxe7 25.Qxe7 Re8 26.Rf8+ Rxf8 27.Qxf8+ Kxh7 28.Rf1 Qxb2
29.Qxd6 Qd4+ 30.Kh1 Bb5 31.Qf4 Qc3 32.Qf5+ Kh8 33.d6 Bxf1 34.Qh5+ {#r} 1-0

[Event "ch-Flemish 2017"]
[Site "Ghent BEL"]
[Date "2017.05.27"]
[Round "5.1"]
[White "Cools,G"]
[Black "Piceu,T"]
[Result "0-1"]
[WhiteElo "2319"]
[BlackElo "2363"]

1.e4 c5 2.Nf3 d6 3.d4 cxd4 4.Nxd4 Nf6 5.Nc3 a6 6.g3 e5 7.Nde2 Be6 8.Bg2 Be7
9.h3 O-O 10.O-O Nbd7 11.a4 Rc8 12.g4 Re8 13.Ng3 h6 14.Be3 Nb6 15.Nd5 Nbxd5
16.exd5 Bd7 17.Qd2 Nh7 18.Rfc1 Bg5 19.Ne4 Be7 20.a5 Qc7 21.Bb6 Qb8 22.c4 f5
23.gxf5 Bxf5 24.Rc3 Ng5 25.Qe2 Nxe4 26.Bxe4 Rf8 27.b3 Rf7 28.Kh2 Rcf8 29.Rg1
Bh4 30.Bxf5 Rxf5 31.Qg4 Bg5 32.Kh1 R8f7 33.Rcg3 Qf8 34.Be3 Kh8 35.h4 Bf4
36.R3g2 Qd8 37.b4 h5 38.Qh3 Bxe3 39.fxe3 Rf3 40.Rg3 e4 41.Rxf3 exf3 42.Rf1 Qf6
43.Qg3 Qf5 44.Rf2 Rf6 45.Qg5 Qe4 46.Qxh5+ Kg8 47.Kh2 Qxe3 48.Kg3 Qe1 {#R} 0-1

[Event "26th Chicago Open 2017"]
[Site "Chicago USA"]
[Date "2017.05.26"]
[Round "2.43"]
[White "Peng,David T"]
[Black "Freitag,Todd M"]
[Result "1-0"]
[WhiteElo "2254"]
[BlackElo "2100"]
[EventType "swiss"]

1.e4 c5 2.Nf3 d6 3.d4 cxd4 4.Nxd4 Nf6 5.Nc3 a6 6.g3 e5 7.Nde2 Be7 8.Bg2 b5
9.O-O O-O 10.h3 b4 11.Nd5 Nxd5 12.Qxd5 Ra7 13.Be3 Rb7 14.g4 Nd7 15.Ng3 Nb6
16.Qd3 Qc7 17.b3 Bd7 18.a4 bxa3 19.Nf5 Bxf5 20.exf5 d5 21.g5 e4 22.Qxa6 Ra8
23.Qb5 Rd8 24.Qe2 Qd7 25.Qg4 g6 26.fxg6 Qxg4 27.gxh7+ Kxh7 28.hxg4 Nd7 29.Rfd1
Nf8 30.Rxd5 Rxd5 31.Bxe4+ Kg7 32.Bxd5 Rd7 33.c4 Bb4 34.Bc1 Ra7 35.Bc6 Ne6
36.Ba4 Bc3 37.Rxa3 Nd4 38.Ra2 Re7 39.Bb2 Bxb2 40.Rxb2 Re4 41.Bd7 Kg6 42.Bf5+
Nxf5 43.gxf5+ Kxg5 44.Kf1 Kxf5 45.Rc2 Rh4 46.c5 Ke6 47.c6 Rh8 48.c7 Rc8 49.Ke2
Kd7 50.Kf3 f6 51.Kf4 f5 52.b4 {#r} 1-0

[Event "4th Gligoric Cup 2017"]
[Site "Novi Banovci SRB"]
[Date "2017.05.27"]
[Round "4.3"]
[White "Cica,Dr"]
[Black "Vujacic,Bo"]
[Result "1-0"]
[WhiteElo "2116"]
[BlackElo "2240"]

1.e4 c5 2.Nf3 d6 3.d4 cxd4 4.Nxd4 Nf6 5.Nc3 a6 6.Be2 e5 7.Nb3 Be7 8.O-O O-O
9.Be3 Be6 10.a4 Nc6 11.f3 d5 12.exd5 Nxd5 13.Nxd5 Bxd5 14.Kh1 Rc8 15.c3 Na5
16.Nxa5 Qxa5 17.Qe1 Bb3 18.Qg3 Rc6 19.Bd1 Bc4 20.Re1 Rg6 21.Qf2 f5 22.Bc2 Qd5
23.Rad1 Qc6 24.Bf4 Bc5 25.Be3 Bd6 26.b3 Be6 27.Rxd6 Qxd6 28.Bc5 Qc7 29.Bxf8
Kxf8 30.Qe3 e4 31.fxe4 f4 32.Rf1 {#r} 1-0

[Event "14th Orlova Open 2017"]
[Site "Orlova CZE"]
[Date "2017.05.28"]
[Round "9.2"]
[White "Weinzettl,E"]
[Black "Andreev,Ed UKR"]
[Result "0-1"]
[WhiteElo "2293"]
[BlackElo "2432"]

1.e4 c5 2.Nf3 d6 3.d4 cxd4 4.Nxd4 Nf6 5.Nc3 a6 6.Bg5 Nbd7 7.Bc4 h6 8.Bh4 g6
9.O-O Bg7 10.Kh1 Qc7 11.Bb3 b5 12.a4 bxa4 13.Bxa4 Bb7 14.Re1 O-O 15.Bxd7 Qxd7
16.Bxf6 Bxf6 17.Nd5 Bxd5 18.exd5 Qb7 19.Nc6 Qxb2 20.Rb1 Qc3 21.Rb3 Qc5 22.Qd2
Rfe8 23.Rf3 a5 24.h4 a4 25.h5 g5 26.Qd3 a3 27.c3 a2 28.Ra1 Kg7 29.Kh2 Ra4
30.g3 Ra3 31.Qf5 Rf8 {#R} 0-1

[Event "Deltalift Open 2017"]
[Site "Tylosand SWE"]
[Date "2017.05.25"]
[Round "3.10"]
[White "Rydstrom,Tom"]
[Black "Grueso Cordoba,Santiago"]
[Result "1-0"]
[WhiteElo "2312"]
[BlackElo "2104"]

1.e4 c5 2.Nf3 d6 3.d4 cxd4 4.Nxd4 Nf6 5.Nc3 a6 6.Bg5 e6 7.Be2 Be7 8.Qd3 Nbd7
9.f4 Qc7 10.O-O h6 11.Bh4 b5 12.Bf3 Bb7 13.Rae1 Nc5 14.Qe3 b4 15.e5 Ng4
16.Bxg4 Bxh4 17.exd6 Qd7 18.g3 bxc3 19.gxh4 O-O 20.Qe5 Rac8 21.f5 cxb2 22.fxe6
Nxe6 23.Nxe6 Rxc2 24.Qxg7# 1-0